000 00710nam a2200241Ia 4500
005 20260430150014.0
008 008 250103s9999 xx 000 0 eng d
037 _aTheses
040 _aCRL
040 _beng
040 _ceng
041 _2eng
041 _aeng
084 _qCRL
100 _aGupta Kanika Au.; Dasgupta Indranil Gu.
_91236177
245 0 _aInfectivity of okra enation leaf curl virus and promoter analysis of viruses infecting okra and cassava
260 _c2022
300 _a181p.
650 _aBiology
700 _aUniversity of Delhi. Faculty of Interdisciplinary & Applied Sciences. Department of Plant Molecular Biology
942 _cTH
999 _c1848707
_d1848707